000 00306nam a22001337a 4500
008 170203b xxu||||| |||| 00| 0 eng d
020 _a0721616488
041 _aeng
080 _a61
100 _a3
101 _aSHM
245 _aDIFFERENTAL DIAGNOSIS COMMON COMPLAINTS
_cROBERT.SELLER
942 _2udc
_cBK
999 _c4530
_d4530